Quizzes
Events
Quiz Creation
Community
Videos
Private Events
Remove Ads
Sign In
Join for FREE
Feedback
Dark Mode
Quiz Categories
Sports
Geography
Music
Movies
Television
Just For Fun
Miscellaneous
History
Literature
Language
Science
Gaming
Entertainment
Religion
Holiday
For Kids
Quiz Lab
Recent
Popular Today
Quiz Kudos Today
Editor Picks
Curator Picks
Quizzes by...
Day
Popularity
Type
Ratings
Length
Year
Community
Subscriptions
Recent Discussions
Orange Saloon
Badges
Playlists
Quests
Create
Leaderboards
Showdown
Live 5
Trivia Bingo
Activity
Puzzle Library
Sporcle Events
Private Events
Virtual Trivia
Globe League
Become a Host
Pub Owners
SporcleCon
Opinionation
Our Games
Videos
Blog
Mobile Apps
Partnerships
Remove Ads and Go Orange
Feedback
Music
Pop Music
The Beatles
Song
Album
Lyrics
Bands
Singers
Artist
Clip
Rock
Rap
Classical
Billboard
Country Music
Kpop
Taylor Swift
Music
Pop Music
The Beatles
Song
Album
Lyrics
Bands
Singers
Artist
Clip
Rock
Rap
Classical
Billboard
Country Music
Kpop
Taylor Swift
Random Quiz
Search Sporcle
×
Quiz Lab
Quiz Lab
Music
Kpop
Type in answers that appear in a list
Type in answers that appear in a list
Classic
Best Score? Go Orange.
Can you guess the kpop group from the hangul? Stats
Can you name the Can you guess the kpop group from the hangul?
By
ORUL82
20m
62 Questions
979 Plays
979 Plays
979 Plays
Comments
Comments
Give Quiz Kudos
Give Quiz Kudos
-
- Ratings
hide this ad
Replay
Link that replays current quiz
Next Quiz
Link to next quiz in quiz playlist
You Got
0%
They Got
Avg Score
73%
Avg Friend Score
Upgrade to see
Score Distribution
Jump to the score distribution portion of the page
Score
0/62
Timer
20:00
0
Plays Today
Hint
Answer
% Correct
빅뱅
Big Bang
96.9%
슈퍼주니어
Super Junior
93.5%
카라
Kara
92.4%
샤이니
Shinee
90.9%
소녀시대
Girls' Generation
88.2%
엑소
EXO
88%
비스트
Beast
87.8%
투피엠
2PM
87.2%
유키스
Ukiss
87.1%
티아라T
T-ara
87.1%
틴탑
Teen Top
86.7%
씨스타
Sistar
86.6%
비투비
BTOB
86.2%
투애니원
2NE1
85.8%
인피니트
Infinite
85.7%
투에이엠
2AM
85.1%
원더걸스
Wonder Girls
84.2%
비에이피
BAP
83.6%
시크릿
Secret
81.6%
포미닛
4minute
81.3%
뉴이스트
Nuest
80.6%
레인보우
Rainbow
80.4%
블락비
Block B
80.3%
에프엑스
fx
80.1%
빅스
VIXX
80.1%
씨엔블루
CNBlue
79.7%
라니아
Rania
79.6%
걸스데이
Girl's Day
79.2%
미쓰에이
MissA
78.3%
보이프렌드
Boyfriend
77.8%
마이네임
My Name
77.6%
Hint
Answer
% Correct
브라운 아이드 걸스
Brown Eyed Girls
76.7%
에이오에이
AOA
76.4%
엠블랙
MBLAQ
75.3%
에이핑크
A Pink
74.8%
비원에이포
B1A4
74.8%
애프터 스쿨
After School
74.6%
나인뮤지스
Nine Muses
74.5%
에프티 아일랜드
FTIsland
74.2%
달샤벳
Dal Shabet
73.8%
동방신기
DBSK
71.5%
갓세븐
Got7
71.5%
위너
Winner
69.6%
스텔라
Stellar
68.8%
헬로비너스
Hello Venus
67.4%
미스터미스터
Mr.mr
67.4%
태티서
Taetiseo
67.2%
스피드
Speed
66.3%
빅스타
Bigstar
66.2%
트러블메이커
Troublemaker
64.5%
크레용팝
Crayon Pop
64%
엠아이비
MIB
63.3%
에이젝스
AJax
61.2%
백퍼센트
100%
59.3%
탑독
Topp Dogg
59%
레드애플
Led Apple
54.6%
루나플라이
Lunafly
53%
씨클라운
C-Clown
50.3%
와썹
Wassup
49.9%
알파벳
Alphabat
43%
엠파이어
Mpire
39.7%
방탄소년단
Bangtan Boys BTS
13.8%
Quiz Playlist
Details
Report
Send in Message
Add To Playlist
Classic:
Type in answers that appear in a list
Last Updated: Jun 17, 2017
Quiz Scoreboard
CHALLENGE
Sign Up to Join the Scoreboard
Show All
Scores
Hide
Comments
May contain spoilers
Recently Published
Billboard Blitz: Fleetwood Mac
by CooCooCachoo
Music
15s
Presidents Visiting Landmarks
by Hejman
History
7m
An Introduction to Baseball
by treessimontrees
Sports
5m
More to Explore
Quiz From the Vault
Featured Blog Post
Where Did the Easter Bunny Come From?
hide this ad
You Might Also Like...
Tags
Kpop Quiz
Today's Top Quizzes in Music
Browse Music
hide this ad
Today's Top Quizzes in Kpop
Browse Kpop
Top Contributed Quizzes in Music
1
Taylor Swift All Songs (2024)
2
Guess the Artist- 70s Songs
3
7-to-1: Billboard Hot 100 #1 Hits of 2010s
4
Sorting Albums and Songs
5
Taylor Swift Logic Puzzle
6
One Thing in Common: Music
7
2010s Album by Cover III
8
KPOP LOGIC QUIZ
9
Guess the Taylor Swift song (Mystery Song)
10
Guess the Artist- 80s Songs
Explore More
Trending Topics
Kpop
Crossword
Anime
NBA
Marvel
Disney
Harry Potter
Song
Pokémon
The Office
Country
Puzzle
WWE
NFL
Soccer
hide this ad
More By:
ORUL82
Quiz
Plays
Rating
Category
Featured
Created
Can you guess the kpop group from the hangul?
979
3.29
Music
Aug 29, 2014
Kpop male groups 2010 - 2014
489
2.75
Music
Aug 27, 2014
Go to Creator's Profile
Score Distribution
Quiz Creator Spotlight
ORUL82
Follow
Send a Message
Quizzes Created
-
Created Quiz Play Count
-
More By This Creator
Popular Quizzes Today
1
Find the US States - No Outlines Minefield
2
Find the Countries of Europe - No Outlines Minefield
3
The Countries of the World
4
Find the US States
5
Popular People in 1961
6
US States
7
Risky Map Clicking: Biggest States A-Z
8
Movies - When Are They Set?
More Music Quizzes
How well do you know 'Chase Atlantic' lyrics
Quiz Lab
Trending Quizzes
Risky Map Clicking: Least Populous States A-Z
1-10 Letter G Words
1-10 Letter F Words
Risky Map Clicking: Next State Alphabetically
'A' Boys' Names Grid
Recently Updated
Leaping Animals
pecheneg
Reality TV Shows (A-Z)
bhenderson79
Rickey Henderson's Hall of Fame Teammates
pecheneg
Champions League XIs: Arsenal
pecheneg
Quick Pick: Celebrities in WWE's Hall of Fame
aduchscher
A-Z Keypad Blitz II
pecheneg
Multiple Oscar Actors
pecheneg
Mystery Phrase Blitz: Oscar 'Best Actors'
pecheneg
F. Scott Fitzgerald Novels
LTH
Pick 3 Villains
ddd62291
Trending Topics
Disney
Anime
Harry Potter
Crossword
Kpop
NBA
Marvel
NFL
Song
Puzzle
Pokémon
Country
WWE
Soccer
The Office
Your Account Isn't Verified!
In order to create a playlist on Sporcle, you need to verify the email address you used during registration. Go to your
Sporcle Settings
to finish the process.
Report this User
Report this user for behavior that violates our
Community Guidelines
.
Details:
Send Report
Go to the Sporcle.com Mobile Site →
Comments